000 00322nam a22001457a 4500
008 210429b ||||| |||| 00| 0 eng d
020 _a9781319092726
041 _aeng
080 _a316
082 _a316
100 _a50
101 _aSOC
245 _aComposition and Communication
_cMary Wiemman
942 _2udc
_cBK
999 _c57003
_d57003